000 00365nam a2200145Ia 4500
008 240624s9999 xx 000 0 und d
041 _aeng
082 _a330 ARN
100 _aARNOLD ROGER A
245 _aECONOMICS
250 _a(9th ed.)
260 _c2010
_aAustralia
_bSouth-Western Cengage Learning
300 _axxxii, : 826 : p. : cm. ; 25
365 _c
_b30
999 _c14933
_d14933